[Event "PRO League Group Stage"]
[Site "masterchessopen.com chess.com INT"]
[Date "2017.02.15"]
[Round "6"]
[White "Zapata,Alo"]
[Black "Wang,Tianqi"]
[Result "1-0"]
[WhiteElo "2418"]
[BlackElo "2199"]

1.e4 c6 2.d4 d5 3.Nc3 dxe4 4.Nxe4 Nd7 5.Nf3 Ngf6 6.Ng3 e6 7.c3 Be7 8.Bd3 Qc7
9.O-O O-O 10.Re1 b6 11.Nf5 Bd8 12.Ne3 Bb7 13.Nc4 Be7 14.Nce5 Rfe8 15.Qe2 Bd6
16.Ng5 Re7 17.Bf4 Nf8 18.Bg3 h6 19.Nh3 Ree8 20.Nf4 c5 21.Rad1 N8d7 22.Nxd7
Nxd7 23.Nh5 Qc6 24.f3 Bxg3 25.hxg3 a6 26.Qf2 Rad8 27.Be4 Qc7 28.g4 cxd4
29.Qxd4 Ne5 30.Qe3 Nc4 31.Qc1 b5 32.b3 Nd6 33.Bxb7 Qxb7 34.Qe3 f6 35.Kh1 Nf7
36.Rxd8 Nxd8 37.Qd3 Qf7 38.Rd1 Nc6 39.Qe4 Ne5 40.Rd6 Qc7 41.Rxa6 Qxc3 42.Ra7
Nf7 43.Kh2 Qe5+ 44.Qxe5 fxe5 45.Ng3 Rc8 46.Ne4 Rc2 47.Ra5 b4 48.Kg3 Kh7 49.Ra4
Nd8 50.Rxb4 Rxa2 51.Rb6 Kg6 52.b4 Rb2 53.b5 Kf7 54.Ra6 Ke7 55.Ra7+ Kf8 56.Nd6
Rd2 57.Rd7 Nb7 58.Rf7+ Kg8 59.Rxb7 Rxd6 60.b6 Kh7 61.Kf2 Kg6 62.Ke3 Kf6 63.Rb8
Kf7 64.Ke4 Rd5 65.Rb7+ Kf6 66.Rc7 Rb5 67.b7 g6 68.Kd3 h5 69.gxh5 gxh5 70.Kc4
Rb1 71.Kc5 Kf5 72.Kc6 Rc1+ 73.Kd7 Rb1 74.Kc8 e4 75.fxe4+ Kxe4 76.b8=Q Rxb8+
77.Kxb8 Kf4 78.Rf7+ Kg3 79.Rg7+ Kf2 80.Rg5 h4 81.Rg4 e5 82.Kc7 e4 83.Rxe4 Kg3
84.Kd6 {#r} 1-0

[Event "PRO League Group Stage"]
[Site "masterchessopen.com chess.com INT"]
[Date "2017.02.15"]
[Round "6"]
[White "Benjamin,Joe"]
[Black "Akylbekov,Nasyr"]
[Result "1-0"]
[WhiteElo "2544"]
[BlackElo "2222"]

1.e4 e5 2.Nf3 Nc6 3.Bb5 a6 4.Ba4 Nf6 5.Nc3 b5 6.Bb3 Bc5 7.d3 d6 8.Nd5 h6 9.c3
Be6 10.d4 Ba7 11.Nxf6+ Qxf6 12.d5 Ne7 13.dxe6 fxe6 14.Be3 d5 15.O-O c5 16.exd5
exd5 17.Bxd5 Rd8 18.c4 Nxd5 19.cxd5 O-O 20.a4 b4 21.Qb3 Bb8 22.Bxc5 e4 23.Nd2
Qe5 24.d6+ Kh8 25.Qxb4 a5 26.Qc3 Qf5 27.Rae1 Rc8 28.Nxe4 Ba7 29.Qxa5 Bxc5
30.Nxc5 Rxc5 31.Qb6 Rd5 32.b4 Qd3 33.h3 Rxd6 34.Qc5 Rf5 35.Re8+ Kh7 36.Qc8 Kg6
37.Re6+ Rxe6 38.Qxe6+ Kh7 39.b5 Rf4 40.Qe3 Qf5 41.Qb3 Qc5 42.Qa2 Qb6 43.Rb1
Qa5 44.b6 Rxa4 45.Qxa4 {#r} 1-0

[Event "PRO League Group Stage"]
[Site "masterchessopen.com chess.com INT"]
[Date "2017.02.15"]
[Round "6"]
[White "So,W"]
[Black "Brown,Michael William"]
[Result "1-0"]
[WhiteElo "2808"]
[BlackElo "2452"]

1.e4 e5 2.Nf3 Nc6 3.Bb5 a6 4.Ba4 Nf6 5.O-O Be7 6.Re1 b5 7.Bb3 d6 8.c3 O-O 9.h3
Na5 10.Bc2 c5 11.d4 Qc7 12.Nbd2 cxd4 13.cxd4 Rd8 14.d5 Bd7 15.Nf1 Rdc8 16.Bd3
Nb7 17.Ng3 Nc5 18.Bf1 Na4 19.Bd3 Nc5 20.Bb1 Na4 21.Qd2 a5 22.b3 Nc5 23.Qe2 Qb7
24.Be3 Rc7 25.Nd2 a4 26.b4 Na6 27.a3 Rc3 28.Bd3 Rac8 29.Nb1 Rb3 30.Ra2 Bd8
31.Rc2 Rxc2 32.Bxc2 Rb2 33.Nc3 Qc8 34.Qd3 Nxb4 35.axb4 Rxb4 36.Na2 Rc4 37.Rc1
b4 38.Bd1 Bb5 39.Rxc4 Bxc4 40.Qb1 b3 41.Nc3 Qa6 42.Bc1 Nd7 43.Ba3 Nc5 44.Nf5
g6 45.Ne3 Bd3 46.Qc1 Bg5 47.Bf3 Qa5 48.g3 h5 49.h4 Bd8 50.Be2 Bxe4 51.Nc4 Qc7
52.Bxc5 Qxc5 53.Nxe4 Qxd5 54.Nc3 Qd4 55.Nxa4 d5 56.Ncb2 Bb6 57.Nxb6 Qxb6
58.Qe3 Qb4 59.Qxe5 {#r} 1-0

[Event "PRO League Group Stage"]
[Site "masterchessopen.com chess.com INT"]
[Date "2017.02.15"]
[Round "6"]
[White "Barcenilla,R"]
[Black "Beerdsen,Thomas"]
[Result "1-0"]
[WhiteElo "2455"]
[BlackElo "2413"]

1.c4 Nf6 2.g3 e6 3.Bg2 Be7 4.e4 d5 5.e5 Nfd7 6.cxd5 Nxe5 7.d4 Ng6 8.dxe6 fxe6
9.Nf3 O-O 10.O-O Bf6 11.Nc3 Nc6 12.Be3 Nce7 13.Rc1 Bd7 14.Re1 Bc6 15.b4 Nd5
16.Qb3 a6 17.Bd2 Kh8 18.Ne4 Be7 19.Neg5 Bxg5 20.Nxg5 Qf6 21.f4 Qxd4+ 22.Be3
Nxe3 23.Qxe3 Qxe3+ 24.Rxe3 Bxg2 25.Kxg2 c6 26.Nxe6 Rfe8 27.Rce1 a5 28.Nc7 Rxe3
29.Rxe3 Rc8 30.bxa5 h5 31.Re8+ Rxe8 32.Nxe8 Ne7 33.Nd6 c5 34.Nxb7 c4 35.a6 Nc6
36.Na5 c3 37.Nxc6 c2 38.a7 c1=Q 39.a8=Q+ Kh7 40.Ne5 Qc2+ 41.Kf3 Qd1+ 42.Ke3
Qc1+ 43.Kd4 Qd2+ 44.Kc5 Qe3+ 45.Kd6 Qd2+ 46.Qd5 Qb4+ 47.Ke6 {#r} 1-0

[Event "PRO League Group Stage"]
[Site "masterchessopen.com chess.com INT"]
[Date "2017.02.15"]
[Round "6"]
[White "Barcenilla,R"]
[Black "Pruijssers,R"]
[Result "1-0"]
[WhiteElo "2455"]
[BlackElo "2502"]

1.c4 f5 2.Nc3 Nf6 3.g3 g6 4.Bg2 Bg7 5.d4 O-O 6.Nh3 d6 7.d5 Nbd7 8.O-O Ne5
9.Qb3 Nfd7 10.Na4 c5 11.dxc6 bxc6 12.c5+ d5 13.Bxd5+ Kh8 14.Bg2 Ba6 15.Nf4 Bc4
16.Qc2 Bf7 17.Rd1 Qc7 18.Bd2 Ng4 19.Bc3 e5 20.Nh3 Rac8 21.Rd6 Nxc5 22.Rxc6 Qe7
23.Rxc8 Rxc8 24.Bb4 {#r} 1-0

[Event "PRO League Group Stage"]
[Site "masterchessopen.com chess.com INT"]
[Date "2017.02.15"]
[Round "6"]
[White "Borisek,J"]
[Black "Tadic,Br"]
[Result "0-1"]
[WhiteElo "2565"]
[BlackElo "2472"]

1.e4 d6 2.d4 Nf6 3.Nc3 e5 4.Nf3 Nbd7 5.Bc4 Be7 6.O-O O-O 7.a4 c6 8.Re1 exd4
9.Nxd4 Ne5 10.Be2 Re8 11.Bf4 Bd7 12.Bg3 Bf8 13.f4 Ng6 14.Bf3 Qc7 15.h3 Rad8
16.Qd2 a6 17.a5 c5 18.Nf5 d5 19.e5 Bxf5 20.exf6 Rxe1+ 21.Rxe1 Qxa5 22.Bxd5 c4
23.Kh2 Bb4 24.Qe2 Bxc3 25.Bxf7+ Kxf7 26.Qxc4+ Qd5 27.Qxc3 gxf6 28.Qb4 Rd7
29.c4 Qd2 {#R} 0-1

[Event "PRO League Group Stage"]
[Site "masterchessopen.com chess.com INT"]
[Date "2017.02.15"]
[Round "6"]
[White "Borisek,J"]
[Black "Arsovic,G"]
[Result "1-0"]
[WhiteElo "2565"]
[BlackElo "2401"]

1.e4 c5 2.Nf3 d6 3.d4 cxd4 4.Nxd4 Nf6 5.Nc3 a6 6.Be3 e5 7.Nb3 Be6 8.f3 Be7
9.Qd2 Nbd7 10.O-O-O b5 11.g4 O-O 12.g5 Nh5 13.Rg1 g6 14.Kb1 Nb6 15.Qf2 Nc4
16.Bc1 Qc7 17.Nd5 Bxd5 18.Rxd5 Rab8 19.h4 b4 20.Bxc4 Qxc4 21.Rgd1 f5 22.Na5
Qc7 23.Qe2 fxe4 24.fxe4 Nf4 25.Bxf4 exf4 26.Qxa6 f3 27.Nc6 Rbe8 28.Qc4 Rf7
29.b3 Bf8 30.e5 f2 31.Rf1 Bg7 32.Rd2 Kh8 33.Rdxf2 Rxf2 34.Rxf2 dxe5 35.Nxb4 e4
36.Qxc7 {#r} 1-0

[Event "PRO League Group Stage"]
[Site "masterchessopen.com chess.com INT"]
[Date "2017.02.15"]
[Round "6"]
[White "Pavasovic,D"]
[Black "Arsovic,G"]
[Result "0-1"]
[WhiteElo "2548"]
[BlackElo "2401"]

1.e4 c5 2.c3 Nf6 3.e5 Nd5 4.Nf3 d6 5.Bc4 dxe5 6.Nxe5 e6 7.O-O Bd6 8.d4 O-O
9.Qe2 Qc7 10.Nf3 cxd4 11.cxd4 Nd7 12.Nc3 Nxc3 13.bxc3 b6 14.Bd3 Bb7 15.h3 Rac8
16.c4 Rfe8 17.Bb2 h6 18.Rfe1 Nf6 19.Rac1 Qb8 20.Ne5 Bxe5 21.dxe5 Nd7 22.Bb1
Nc5 23.Qc2 g6 24.Qd2 Kh7 25.h4 Rcd8 26.Qf4 f5 27.Rcd1 Be4 28.Bc1 g5 29.hxg5
Rg8 30.Qh4 Rg6 31.Bxe4 Nxe4 32.gxh6 Rdg8 33.Rd7+ Kh8 34.Rg7 Qf8 35.Rd1 Rg4
36.Rxg4 Rxg4 37.Qd8 Rg8 38.Qxf8 Rxf8 39.Be3 f4 40.Bc1 Nc3 41.Rd2 Kh7 42.Kf1
Kxh6 43.Rc2 Ne4 44.g3 Kg6 45.Bxf4 Rd8 46.f3 Nc5 47.Kg2 Kf5 48.Be3 Nd3 49.g4+
Kxe5 50.Re2 Kf6 51.Kg3 Ne5 52.Rh2 Nxc4 53.Bf4 e5 54.Bc1 Rd3 55.Rh6+ Kg7 56.Rc6
Nd6 57.Bb2 Ne4+ 58.Kh4 Rxf3 59.Bxe5+ Kf7 60.g5 Rf5 61.Bb2 Rf2 62.Bd4 Rh2+
63.Kg4 Rg2+ 64.Kf3 Rxg5 65.Kxe4 Ra5 66.Rc2 Ke6 67.Rh2 Ra4 68.Kd3 Kd5 69.Rh5+
Kd6 70.Rh2 Kd5 71.Bc3 b5 72.Rb2 a6 73.Kc2 Kc4 74.Bd2 b4 75.Kb1 a5 76.Rc2+ Kb5
77.Bc1 Kb6 78.Bb2 Kb5 79.Re2 Kc4 80.Re4+ Kc5 81.Re5+ Kc4 82.Re8 b3 83.Rc8+ Kd3
84.axb3 Rb4 85.Rd8+ Ke4 86.Kc2 a4 87.bxa4 Rxa4 88.Bc3 Ra3 89.Kd2 Ra2+ 90.Kc1
Ke3 91.Bb2 Ra6 92.Kc2 Rc6+ 93.Bc3 Ke4 94.Re8+ Kd5 95.Kd3 Rh6 96.Re3 Rh4 97.Rg3
Rh5 98.Bd2 Rf5 99.Be3 Rh5 100.Rg8 Rf5 101.Ra8 Kc6 102.Kc4 Rh5 103.Bd4 Rg5
104.Ra6+ Kb7 105.Rb6+ Kc7 106.Rh6 Kd7 107.Kd3 Rg4 108.Kc4 Rg5 109.Ra6 Rh5
110.Kd3 Rh4 111.Ke3 Kc7 {#R} 0-1

[Event "PRO League Group Stage"]
[Site "masterchessopen.com chess.com INT"]
[Date "2017.02.15"]
[Round "6"]
[White "Arsovic,G"]
[Black "Beletic,D"]
[Result "1-0"]
[WhiteElo "2401"]
[BlackElo "2286"]

1.d4 d5 2.Nf3 Nf6 3.c4 c6 4.e3 Bf5 5.Nc3 e6 6.Nh4 Bg6 7.Bd2 Nbd7 8.Nxg6 hxg6
9.g3 Ne4 10.Nxe4 dxe4 11.Bg2 f5 12.Qb3 Qb6 13.O-O Nf6 14.f3 exf3 15.Bxf3 Qc7
16.Rac1 Bd6 17.Be1 Qe7 18.Rf2 g5 19.Qc2 g4 20.Bh1 Qc7 21.Rf1 O-O-O 22.e4 fxe4
23.Bxe4 Rh3 24.Bg2 Rh5 25.Qe2 e5 26.Rxf6 gxf6 27.Qxg4+ Kb8 28.Qxh5 exd4 29.Bd2
d3 30.b4 Be5 31.Qf3 Qh7 32.b5 Rh8 33.h3 Rg8 34.g4 f5 35.Bf4 Qc7 36.Rf1 {#r}
1-0

[Event "PRO League Group Stage"]
[Site "masterchessopen.com chess.com INT"]
[Date "2017.02.15"]
[Round "6"]
[White "Arsovic,G"]
[Black "Skoberne,J"]
[Result "0-1"]
[WhiteElo "2401"]
[BlackElo "2542"]

1.d4 Nf6 2.Nf3 g6 3.c4 Bg7 4.g3 O-O 5.Bg2 d6 6.O-O c6 7.Nc3 Qb6 8.c5 dxc5
9.Na4 Qd8 10.Nxc5 Nbd7 11.Nd3 Nb6 12.b3 a5 13.a4 Bf5 14.Ba3 Nbd5 15.Rc1 Rc8
16.e3 Qc7 17.Qe2 Rfd8 18.Rfd1 Ne4 19.Qe1 Qb6 20.Nc5 Nb4 21.g4 Nxf2 22.Qxf2
Bxg4 23.Rf1 Bf5 24.Bxb4 Qxb4 25.e4 Bg4 26.Rc4 Qb6 27.Ne5 Bxe5 28.Qxf7+ Kh8
29.dxe5 Be2 30.Qxe7 Bxc4 31.bxc4 Re8 32.Qf6+ Kg8 33.Qf7+ Kh8 34.Qf2 Rf8 35.Qe3
Rxf1+ 36.Bxf1 Rf8 37.e6 Qb1 38.Qd3 Qb2 39.e7 Qf2+ 40.Kh1 Re8 41.Ne6 Qf6 42.Bh3
Kg8 43.Kg2 Qxe7 44.e5 Qb4 45.Nd4 Qb2+ 46.Kg3 Rxe5 47.Nf3 Re8 48.Qd7 Rf8
49.Be6+ Kh8 50.Qd4+ Qxd4 51.Nxd4 Re8 52.c5 Rd8 53.Nb3 Re8 54.Bc4 Re3+ 55.Kf4
Rh3 56.Nxa5 Rxh2 57.Nxb7 Rh4+ 58.Ke5 Rxc4 59.a5 h5 60.Kd6 h4 61.Kxc6 h3 62.Kb5
h2 63.Kxc4 h1=Q 64.Nd6 Qc6 65.Nb5 g5 66.Nd4 Qa4+ 67.Kd5 Qxa5 {#R} 0-1

[Event "PRO League Group Stage"]
[Site "masterchessopen.com chess.com INT"]
[Date "2017.02.15"]
[Round "6"]
[White "Bomo,K"]
[Black "Libiszewski,F"]
[Result "0-1"]
[WhiteElo "2339"]
[BlackElo "2545"]

1.c4 g6 2.g3 Bg7 3.Bg2 Nf6 4.Nf3 O-O 5.O-O b6 6.Nc3 Bb7 7.d3 d5 8.cxd5 Nxd5
9.Bd2 c5 10.a3 Nc6 11.Nxd5 Qxd5 12.Bc3 Nd4 13.Rb1 Rfd8 14.Bxd4 Bxd4 15.b4 Rac8
16.Qa4 cxb4 17.axb4 b5 18.Qd1 Bg7 19.Ne1 Qd7 20.Bxb7 Qxb7 21.Qb3 Rc3 22.Qa2
Rdc8 23.Rb3 Rc1 24.Rb1 R1c7 25.e3 h5 26.h4 Rd8 27.d4 e5 28.dxe5 Bxe5 29.Qe2
Qe4 30.Rb3 Qc4 31.Rd3 Rd6 32.Qd1 Rcd7 33.Rxd6 Rxd6 34.Qb1 Qe2 35.Qe4 Rd1
36.Qxe5 Rxe1 37.Rxe1 Qxe1+ 38.Kg2 Qxb4 39.Qb8+ Kg7 40.Qxa7 Qe4+ 41.Kf1 Qd3+
42.Kg2 b4 43.Qc5 Qc3 44.Qb6 b3 45.e4 b2 46.Qb5 Qd4 47.e5 Qe4+ {#R} 0-1

[Event "PRO League Group Stage"]
[Site "masterchessopen.com chess.com INT"]
[Date "2017.02.15"]
[Round "6"]
[White "Bomo,K"]
[Black "Cornette,M"]
[Result "0-1"]
[WhiteElo "2339"]
[BlackElo "2586"]

1.c4 b6 2.Nc3 Bb7 3.e4 e5 4.g3 f5 5.Bg2 Nf6 6.Nge2 fxe4 7.Qc2 Bc5 8.O-O O-O
9.Nxe4 Nc6 10.Nxc5 bxc5 11.d3 Nb4 12.Qc3 Bxg2 13.Kxg2 d6 14.a3 Nc6 15.b4 Nd4
16.Nxd4 cxd4 17.Qc2 Qc8 18.Qe2 Qb7+ 19.Kg1 h6 20.Bd2 Rf7 21.f4 Re8 22.fxe5
dxe5 23.Qg2 e4 24.dxe4 Rxe4 25.Rae1 Rfe7 26.Rxe4 Nxe4 27.Re1 d3 28.b5 Qb6+
29.Be3 d2 {#R} 0-1

[Event "PRO League Group Stage"]
[Site "masterchessopen.com chess.com INT"]
[Date "2017.02.15"]
[Round "6"]
[White "Nagle,S"]
[Black "Rosen,E"]
[Result "0-1"]
[WhiteElo "2423"]
[BlackElo "2364"]

1.Nf3 d5 2.d4 Nf6 3.c4 dxc4 4.e3 a6 5.Bxc4 e6 6.O-O c5 7.dxc5 Qxd1 8.Rxd1 Bxc5
9.Be2 Nc6 10.Nbd2 O-O 11.b3 Nd5 12.Bb2 b6 13.Rac1 Bb7 14.Nc4 Rfd8 15.Nfe5 Nxe5
16.Nxe5 f6 17.Nd3 Bd6 18.Bf3 Rac8 19.h3 Kf7 20.Kf1 a5 21.Bd4 Bc7 22.Ke1 Rd7
23.e4 Ne7 24.Be3 Nc6 25.e5 Bd8 26.exf6 Bxf6 27.Bxb6 Ne7 28.Rxc8 Bxc8 29.Bxa5
Ra7 30.b4 Bc3+ 31.Kf1 Ba6 32.Be2 Nd5 33.a3 Kf6 34.Nc1 Bb7 35.g3 Bb2 36.Nd3 Bc3
37.Nc5 Bc6 38.Ne4+ Ke7 39.Rxd5 Bxd5 40.Nxc3 Bc6 41.Bb5 Kd6 42.Bxc6 Kxc6 43.b5+
Kc5 44.Bb4+ Kc4 45.a4 Kxb4 46.b6 Rb7 47.Ne4 Rxb6 48.Ng5 h6 49.a5 Kxa5 50.Nf3
Kb4 51.Kg2 Kc4 52.h4 Kd5 53.h5 e5 54.Nh4 Ke4 55.Nf3 Rb2 56.Nh4 Ra2 57.Nf3 Kf5
58.Ne1 Rd2 59.Nf3 Ra2 60.Ne1 e4 61.Kg1 Kg4 62.Ng2 Kxh5 63.Ne3 Kg5 64.Kg2 h5
65.Nd5 Kf5 66.Ne3+ Ke5 67.Nc4+ Kd4 68.Nd6 g6 69.Nb5+ Ke5 70.Nc3 Rc2 71.Nd1 Rd2
72.Ne3 Ra2 73.Nc4+ Kd4 74.Ne3 Re2 75.Nf1 Kd3 76.Kg1 Re1 77.Kg2 Ke2 78.Ne3 Ra1
79.Nd5 Ra6 80.Nf4+ Kd2 81.Nd5 Rd6 82.Ne3 Rc6 83.Nd5 Ke2 84.Nf4+ Kd2 85.Nd5 Rd6
86.Ne3 Rd3 87.Nc4+ Ke2 88.Ne5 Rd6 89.Nc4 Rf6 90.Kg1 g5 91.Ne3 Rxf2 92.Nd5 Rf7
93.Nc3+ Kd3 94.Nb5 e3 95.Nd6 Rd7 96.Nf7 Rd5 97.Ne5+ Rxe5 98.Kh2 e2 99.g4 e1=Q
100.gxh5 Qh4+ 101.Kg2 Re2+ 102.Kf3 Qf4# 0-1

[Event "PRO League Group Stage"]
[Site "masterchessopen.com chess.com INT"]
[Date "2017.02.15"]
[Round "6"]
[White "Oberholzer,Francois"]
[Black "Sai,KG"]
[Result "0-1"]
[WhiteElo "2034"]
[BlackElo "2339"]

1.e4 e5 2.Nf3 Nc6 3.Bb5 a6 4.Ba4 d6 5.d4 b5 6.Bb3 Nxd4 7.Nxd4 exd4 8.a4 Bb7
9.axb5 axb5 10.Rxa8 Bxa8 11.Qh5 Qd7 12.Na3 b4 13.Nc4 Nf6 14.Qa5 Bxe4 15.Qxb4
Bxg2 16.Ba4 c6 17.Rg1 Qe6+ 18.Be3 Bd5 19.Qb8+ Ke7 20.Nb6 Nd7 21.Nc8+ Kd8
22.Qa8 dxe3 23.Rg3 exf2+ 24.Kxf2 c5 25.Qa5+ Kxc8 26.Re3 Ne5 27.Qa6+ Bb7 {#R}
0-1

[Event "PRO League Group Stage"]
[Site "masterchessopen.com chess.com INT"]
[Date "2017.02.15"]
[Round "6"]
[White "Holm,Kristian Stuvik"]
[Black "Aradhya,Garg"]
[Result "1-0"]
[WhiteElo "2398"]
[BlackElo "2230"]

1.Nf3 d5 2.g3 Nf6 3.Bg2 Bf5 4.O-O e6 5.c4 c6 6.cxd5 exd5 7.d3 Na6 8.Nd4 Bg6
9.Nc3 Be7 10.e4 O-O 11.Kh1 Bc5 12.Be3 dxe4 13.dxe4 Re8 14.f3 Nd5 15.Bg1 Nxc3
16.bxc3 Bb6 17.Qc2 Qe7 18.a4 Rad8 19.a5 Bc5 20.Rfb1 Rd7 21.Qe2 Qd6 22.Be3 Qc7
23.Qc4 Red8 24.Bh3 Bh5 25.Kg2 Bd6 26.Bxd7 Qxd7 27.Nf5 Be5 28.Bg5 Bf6 29.Rd1
Qxd1 30.Rxd1 Rxd1 31.Bxf6 gxf6 32.g4 Bg6 33.Ne7+ Kg7 34.Nxc6 h5 35.h3 hxg4
36.hxg4 Rd2+ 37.Kg3 Rd7 38.Nd4 Rc7 39.Qd3 Nc5 40.Qe3 Na4 41.e5 Rxc3 42.exf6+
Kxf6 43.Qf4+ Kg7 44.Nf5+ Bxf5 45.Qxa4 Kg6 46.gxf5+ Kxf5 47.Qe4+ Kg5 48.Qe5+ f5
49.Qxc3 f4+ 50.Kf2 b6 51.axb6 axb6 52.Qe5+ Kg6 53.Qxf4 Kg7 54.Qd6 b5 55.Kg3
Kf7 56.Kg4 {#r} 1-0

[Event "PRO League Group Stage"]
[Site "masterchessopen.com chess.com INT"]
[Date "2017.02.15"]
[Round "6"]
[White "Holm,Kristian Stuvik"]
[Black "Grover,S"]
[Result "0-1"]
[WhiteElo "2398"]
[BlackElo "2467"]

1.d4 e6 2.c4 Nf6 3.Nc3 Bb4 4.Qc2 Nc6 5.Nf3 d6 6.Bd2 Qe7 7.a3 Bxc3 8.Bxc3 a5
9.e3 e5 10.dxe5 dxe5 11.Be2 O-O 12.O-O Re8 13.h3 a4 14.Rfd1 Nd7 15.Rd5 f6
16.Nh4 Nb6 17.Rb5 Qf7 18.Be1 Ra7 19.Rc1 Bd7 20.Bd3 g6 21.Nf3 Nc8 22.Nd2 Nd6
23.Ne4 Nxe4 24.Bxe4 Kg7 25.Rd1 b6 26.Qd3 Nb8 27.Rd5 Bc6 28.Rd8 Rxd8 29.Qxd8
Bxe4 30.Qxb8 Ra8 {#R} 0-1

[Event "PRO League Group Stage"]
[Site "masterchessopen.com chess.com INT"]
[Date "2017.02.15"]
[Round "6"]
[White "Song,Edward"]
[Black "Raptis,N"]
[Result "1-0"]
[WhiteElo "2299"]
[BlackElo "2262"]

1.d4 Nf6 2.c4 g6 3.Nc3 Bg7 4.e4 d6 5.f3 O-O 6.Be3 e5 7.Nge2 exd4 8.Nxd4 Re8
9.Qd2 Nc6 10.O-O-O Nxd4 11.Bxd4 Be6 12.Kb1 c6 13.g4 Qa5 14.h4 c5 15.Be3 h5
16.g5 Nd7 17.Nd5 Qd8 18.Nf4 Ne5 19.Nxe6 Rxe6 20.Bxc5 Nxf3 21.Qf4 Qa5 22.Bh3
Ree8 23.Bxd6 Nd4 24.Rhf1 Rf8 25.e5 Ne6 26.Bxe6 fxe6 27.Bxf8 Rxf8 28.Qe4 Rf5
29.Qxb7 Rxf1 30.Rxf1 Qxe5 31.Qg2 Qd4 32.Rh1 Qxc4 33.a3 Qd3+ 34.Ka2 Qc4+ 35.Kb1
Qd3+ 36.Qc2 Qf3 37.Re1 Qf7 38.Qe4 Kh7 39.Qxe6 Qb7 40.Qe2 a5 41.Qc2 a4 42.Re4
Qb5 43.Rxa4 Qe5 44.Rb4 Qe1+ 45.Ka2 Qe6+ 46.Qb3 Qe5 47.Rc4 Qa5 48.Qb4 Qe5
49.Qb3 Qa5 50.Ra4 Qe5 51.Qc2 Qd5+ 52.Rc4 Qe5 53.a4 Qd5 54.Ka3 Bf8+ 55.Ka2 Bg7
56.Ka3 Bf8+ 57.b4 Bg7 58.a5 Qe5 59.Ka4 Qa1+ 60.Kb5 Qe5+ 61.Rc5 Qe8+ 62.Kc4
Qe6+ 63.Kb5 Qe8+ 64.Rc6 Qb8+ 65.Ka6 Qa8+ 66.Kb5 Qb8+ 67.Ka4 Qe8 68.a6 Qe5
69.Qxg6+ Kg8 70.Rc8+ {#r} 1-0

[Event "PRO League Group Stage"]
[Site "masterchessopen.com chess.com INT"]
[Date "2017.02.15"]
[Round "6"]
[White "Howell,D"]
[Black "Kollars,Dmitrij"]
[Result "1-0"]
[WhiteElo "2657"]
[BlackElo "2500"]

1.d4 Nf6 2.c4 g6 3.Nf3 Bg7 4.g3 O-O 5.Bg2 d6 6.Nc3 c6 7.O-O Bf5 8.Ne1 Be6 9.d5
cxd5 10.cxd5 Bd7 11.Nd3 Na6 12.Bg5 b5 13.a3 h6 14.Bd2 Qb8 15.Na2 Rc8 16.Nab4
Nxb4 17.Nxb4 a5 18.Nc6 Bxc6 19.dxc6 d5 20.Rc1 Qd6 21.Qc2 Ra6 22.Qd3 Raxc6
23.Qxb5 Rc5 24.Qa4 Ne4 25.Bxe4 dxe4 26.Rxc5 Rxc5 27.Bxa5 Bxb2 28.Qe8+ Kg7
29.Bb4 Qc6 30.Qxe7 Rc2 31.Qf8+ Kf6 32.Qe7+ Kg7 33.Qf8+ Kf6 34.Qxh6 Rxe2 35.Rd1
Be5 36.h4 Qe6 37.Bd2 Qe8 38.Be3 Ra2 39.h5 Rxa3 40.hxg6 fxg6 41.Bg5+ Kf7
42.Qh7+ Bg7 43.Bh6 Qf8 44.Bxg7 {#r} 1-0

[Event "PRO League Group Stage"]
[Site "masterchessopen.com chess.com INT"]
[Date "2017.02.15"]
[Round "6"]
[White "Howell,D"]
[Black "Svane,R"]
[Result "1-0"]
[WhiteElo "2657"]
[BlackElo "2560"]

1.e4 c6 2.Nf3 d5 3.Nc3 dxe4 4.Nxe4 Nf6 5.Qe2 Nxe4 6.Qxe4 Qd5 7.Qh4 Qe6+ 8.Be2
Qg4 9.Qg3 Qxg3 10.hxg3 Bf5 11.b3 Nd7 12.Bb2 e6 13.O-O-O h6 14.Nh4 Bh7 15.g4
Rg8 16.Nf3 Bg6 17.Nh4 Bh7 18.Rde1 O-O-O 19.f4 Be7 20.f5 exf5 21.Nxf5 Bxf5
22.gxf5 Bg5 23.Bf3 Nb6 24.Re2 Rd7 25.c4 f6 26.Kc2 Kd8 27.Rhe1 Bh4 28.Rh1 Bg3
29.Rh3 Bf4 30.Bh5 Nc8 31.Rf3 Bg5 32.d4 Nd6 33.Ba3 Nxf5 34.Rxf5 g6 35.Rxg5 hxg5
36.Bf3 f5 37.Rd2 g4 38.Bd1 Re8 39.Rd3 Re4 40.Kc3 Re1 41.Bc1 Re4 42.Bg5+ Kc7
43.g3 b5 44.Bf4+ Kb7 45.b4 a5 46.bxa5 b4+ 47.Kxb4 Rexd4 48.Rxd4 Rxd4 49.Ba4
Rd3 50.Kc5 Ka6 51.Bxc6 g5 52.Bc7 f4 53.gxf4 gxf4 54.Bxf4 g3 55.a4 Ka7 56.Bc7
Ra3 57.Bf4 Rb3 58.Bc7 Ka6 59.Bd6 Rd3 60.Be5 Re3 61.Bc7 Rb3 62.Bb6 Rb2 63.Bb5+
Kb7 64.a6+ Kc8 65.a7 {#r} 1-0

[Event "PRO League Group Stage"]
[Site "masterchessopen.com chess.com INT"]
[Date "2017.02.15"]
[Round "6"]
[White "Thorfinnsson,Bj"]
[Black "Tan,Ju2"]
[Result "0-1"]
[WhiteElo "2404"]
[BlackElo "2451"]

1.c4 c5 2.g3 g6 3.Bg2 Bg7 4.Nf3 Nc6 5.Nc3 d6 6.O-O e6 7.d3 Nge7 8.a3 O-O 9.Rb1
b6 10.Bd2 Bb7 11.b4 Rb8 12.b5 Nd4 13.Nxd4 Bxd4 14.Ne4 f5 15.Ng5 Bxg2 16.Kxg2
Qd7 17.Nf3 Bg7 18.Qc1 e5 19.Bh6 f4 20.Bxg7 Kxg7 21.e3 Rbe8 22.exf4 Rxf4 23.Ng5
Qg4 {#R} 0-1

[Event "PRO League Group Stage"]
[Site "masterchessopen.com chess.com INT"]
[Date "2017.02.15"]
[Round "6"]
[White "Kovalenko,I"]
[Black "Mohammad,Nubairshah Shaikh"]
[Result "1-0"]
[WhiteElo "2684"]
[BlackElo "2412"]

1.c4 c6 2.Nf3 d5 3.e3 Nf6 4.Nc3 g6 5.d4 Bg7 6.cxd5 cxd5 7.Bb5+ Bd7 8.Qb3 O-O
9.Bxd7 Qxd7 10.Ne5 Qc7 11.Nxd5 Nxd5 12.Qxd5 e6 13.Qb3 Bxe5 14.dxe5 Rd8 15.O-O
Nc6 16.f4 Rac8 17.Rf2 Na5 18.Qa4 Nc4 19.h3 b5 20.Qb3 a6 21.Kh2 Rd5 22.Rc2 Rcd8
23.a4 Qa5 24.Re2 Rd1 25.Qc2 Kg7 26.b3 Nd2 27.Bxd2 R1xd2 28.Rxd2 Rxd2 29.axb5
Qd8 30.Qc6 axb5 31.Qxb5 Rb2 32.Ra7 Qd2 33.Qb7 Kh6 34.Qf3 Kg7 35.Qb7 Kh6 36.Qe4
Kg7 37.Rb7 Qf2 38.Rd7 h5 39.Qb7 Kh6 40.Rxf7 g5 41.Rf6# 1-0

[Event "PRO League Group Stage"]
[Site "masterchessopen.com chess.com INT"]
[Date "2017.02.15"]
[Round "6"]
[White "Kovalenko,I"]
[Black "Swapnil,SD"]
[Result "0-1"]
[WhiteElo "2684"]
[BlackElo "2527"]

1.c4 e5 2.Nc3 Bb4 3.g3 Bxc3 4.bxc3 d6 5.Bg2 Ne7 6.d3 O-O 7.Nh3 c5 8.O-O Nbc6
9.Rb1 b6 10.f4 Bg4 11.Nf2 Be6 12.e4 exf4 13.Bxf4 Qd7 14.Qc2 Ng6 15.Bd2 Nge5
16.Rbe1 Rae8 17.Bf4 Ng6 18.Bc1 h6 19.h3 Kh8 20.Kh2 Nce5 21.Nd1 f5 22.d4 Nxc4
23.Qd3 b5 24.h4 fxe4 25.Bxe4 Ne7 26.Rxf8+ Rxf8 27.dxc5 dxc5 28.Qxd7 Bxd7
29.Ne3 Ne5 30.Ba3 b4 31.cxb4 Rf2+ 32.Kg1 Rxa2 33.Bc1 cxb4 34.Nd5 N7c6 35.Bf4
b3 36.Nc3 Ra5 37.Rf1 g5 38.hxg5 hxg5 39.Bc1 Nc4 40.Rf7 N6e5 41.Re7 Ra1 42.Nb1
Bc6 43.Bf5 Nd6 44.Be4 Bxe4 {#R} 0-1

[Event "PRO League Group Stage"]
[Site "masterchessopen.com chess.com INT"]
[Date "2017.02.15"]
[Round "6"]
[White "Dreev,A"]
[Black "So,W"]
[Result "0-1"]
[WhiteElo "2651"]
[BlackElo "2808"]

1.d4 Nf6 2.Nf3 d5 3.c4 e6 4.Nc3 Bb4 5.cxd5 exd5 6.Bg5 h6 7.Bxf6 Qxf6 8.Qa4+
Nc6 9.e3 O-O 10.Be2 Be6 11.O-O a6 12.Rac1 Bd6 13.Qb3 Ne7 14.a3 Rfe8 15.Na4 b6
16.Nc3 Reb8 17.Rcd1 c5 18.Qc2 c4 19.e4 Qg6 20.Nh4 Qh7 21.f4 dxe4 22.Qxe4 Qxe4
23.Nxe4 Rd8 24.f5 Bd5 25.Nc3 Rac8 26.f6 gxf6 27.Bg4 Rc6 28.Rde1 Kf8 29.Re3 b5
30.Rfe1 b4 31.axb4 Bxb4 32.Kf1 a5 33.R1e2 Be6 34.Bxe6 Rxe6 35.Rxe6 fxe6
36.Rxe6 Kf7 37.Ra6 Rxd4 38.Nf3 Rd3 39.Ne4 Nd5 40.Kf2 Rb3 41.Kg3 Rxb2 42.Nd4 c3
43.Ra7+ Kg6 44.Rd7 Ne3 45.Kf3 Nxg2 {#R} 0-1

[Event "PRO League Group Stage"]
[Site "masterchessopen.com chess.com INT"]
[Date "2017.02.15"]
[Round "6"]
[White "Meskovs,N"]
[Black "Abhishek,K"]
[Result "1-0"]
[WhiteElo "2490"]
[BlackElo "2381"]

1.d4 Nf6 2.c4 c6 3.Nc3 d5 4.e3 a6 5.c5 Bf5 6.h3 h6 7.g4 Bh7 8.Bg2 Nbd7 9.Nge2
e6 10.O-O b6 11.cxb6 Qxb6 12.b3 Be7 13.Na4 Qa7 14.Bb2 O-O 15.Rc1 Rfc8 16.Nf4
Be4 17.f3 Bh7 18.Nd3 Bxd3 19.Qxd3 c5 20.Rc2 cxd4 21.Bxd4 Qb7 22.Rfc1 Ba3
23.Rxc8+ Rxc8 24.Rxc8+ Qxc8 25.Bf1 e5 26.Bc3 Bc1 27.Kf2 Qc7 28.Qxa6 d4 29.exd4
exd4 30.Bxd4 h5 31.Kg2 Qf4 32.Qc8+ Kh7 33.Qc4 hxg4 34.hxg4 Qd2+ 35.Be2 Qxa2
36.Kf2 Bg5 37.Nc3 Qd2 38.Qd3+ Qxd3 39.Bxd3+ g6 40.b4 Kg8 41.b5 Bf4 42.b6 Kf8
43.Nb5 Ke7 44.b7 Nb8 45.Bc4 Nfd7 46.Ke2 Be5 47.Ba7 f5 48.Bd3 fxg4 49.fxg4 g5
50.Be3 Kf6 51.Bf5 Bd6 52.Nxd6 {#r} 1-0